| 000 | 00744 a2200217 4500 | ||
|---|---|---|---|
| 003 | NUST | ||
| 005 | 20221214161027.0 | ||
| 010 | _a 73003208 | ||
| 020 | _a0690001371 | ||
| 040 | _cNust | ||
| 082 | 0 | 0 | _a310,PHI |
| 100 | 1 |
_aPhillips, Lawrence D. _9104870 |
|
| 245 | 1 | 0 |
_aBayesian statistics for social scientists / _c[by] Lawrence D. Phillips. |
| 260 |
_aNew York, _bCrowell _c[1974, c1973] |
||
| 300 |
_ax, 373, 68 p. _billus. _c25 cm. |
||
| 505 | _aPart-1: Quantifying Prior Opinion (Page-13), Part-2; Dealing with Data (Page-149), Part-3; Inference (Page-233). | ||
| 650 | 0 |
_aBayesian statistical decision theory. _929109 |
|
| 650 | 0 |
_aSocial sciences _xStatistical methods. |
|
| 650 | 0 |
_aStatistics. _969 |
|
| 942 |
_2ddc _cBK _k310,PHI |
||
| 999 |
_c184779 _d184779 |
||